Quizzes
Events
Quiz Creation
Community
Videos
Private Events
Remove Ads
Sign In
Join for FREE
Feedback
Dark Mode
Quiz Categories
Sports
Geography
Music
Movies
Television
Just For Fun
Miscellaneous
History
Literature
Language
Science
Gaming
Entertainment
Religion
Holiday
For Kids
Quiz Lab
Recent
Popular Today
Quiz Kudos Today
Editor Picks
Curator Picks
Quizzes by...
Day
Popularity
Type
Ratings
Length
Year
Community
Subscriptions
Recent Discussions
Orange Saloon
Badges
Playlists
Quests
Create
Leaderboards
Showdown
Live 5
Trivia Bingo
Activity
Puzzle Library
Sporcle Events
Private Events
Virtual Trivia
Globe League
Become a Host
Pub Owners
SporcleCon
Opinionation
Our Games
Videos
Blog
Mobile Apps
Partnerships
Remove Ads and Go Orange
Feedback
Sports
Athletes
MLB
NBA
NHL
NFL
Soccer
Sports Teams
WWE
NCAA
Football
Premier League
Basketball
Baseball
Hockey
Golf
Tennis
Cricket
Rugby
Auto Racing
Olympics
World Cup
Sports
Athletes
MLB
NBA
NHL
NFL
Soccer
Sports Teams
WWE
NCAA
Football
Premier League
Basketball
Baseball
Hockey
Golf
Tennis
Cricket
Rugby
Auto Racing
Olympics
World Cup
Random Quiz
Search Sporcle
×
Quiz Lab
Quiz Lab
Sports
Typing
Type in answers that appear in a list
Type in answers that appear in a list
Classic
Best Score? Go Orange.
Progressively Longer Ultimate Teams Stats
Can you type the progressively longer ultimate (frisbee) team names?
By
riut20
90s
50 Questions
40 Plays
40 Plays
40 Plays
Comments
Comments
Give Quiz Kudos
Give Quiz Kudos
-
- Ratings
hide this ad
More Info
No Skip
Answers have to be entered in order without skipping
Answers have to be entered in order without skipping
Replay
Link that replays current quiz
Next Quiz
Link to next quiz in quiz playlist
You Got
0%
They Got
Avg Score
79%
Avg Friend Score
Upgrade to see
Score Distribution
Jump to the score distribution portion of the page
Score
0/50
Timer
01:30
0
Plays Today
Team
Typed Team
% Correct
?
???
100%
?
???
100%
?
???
100%
?
???
97.5%
?
???
97.5%
?
???
97.5%
?
???
97.5%
?
???
97.5%
?
???
97.5%
?
???
97.5%
?
???
97.5%
?
???
97.5%
?
???
97.5%
?
???
97.5%
?
???
97.5%
?
???
97.5%
?
???
97.5%
?
???
97.5%
?
???
97.5%
?
???
97.5%
?
???
97.5%
?
???
97.5%
?
???
95%
?
???
95%
?
???
95%
Team
Typed Team
% Correct
?
???
95%
?
???
95%
?
???
95%
?
???
92.5%
?
???
92.5%
?
???
92.5%
?
???
92.5%
?
???
90%
?
???
90%
?
???
80%
?
???
80%
?
???
75%
?
???
70%
?
???
65%
?
???
57.5%
?
???
47.5%
?
???
45%
?
???
32.5%
?
???
32.5%
?
???
27.5%
?
???
22.5%
?
???
20%
?
???
20%
?
???
17.5%
?
???
12.5%
Quiz Playlist
Details
Report
Send in Message
Add To Playlist
More Info:
These are mostly club ultimate teams competing in the US and Canada, with a few historical and international teams thrown in the mix. Enjoy!
Classic:
Type in answers that appear in a list
No Skip:
Answers have to be entered in order without skipping
Last Updated: Jul 28, 2017
Quiz Scoreboard
CHALLENGE
Sign Up to Join the Scoreboard
Show All
Scores
Hide
Comments
May contain spoilers
Recently Published
Movies - When Are They Set?
by FPL_Elf
Movies
5m
Popular People in 1961
by mucciniale
History
6m
1-10 Letter E Words III
by El_Dandy
Language
2m
More to Explore
Quiz From the Vault
Featured Blog Post
Where Did the Easter Bunny Come From?
hide this ad
You Might Also Like...
Tags
Typing Quiz
ultimate
Ultimate Frisbee
Today's Top Quizzes in Sports
Browse Sports
hide this ad
Today's Top Quizzes in Typing
Browse Typing
Top Contributed Quizzes in Sports
1
Les meilleurs buteurs des matchs entre le PSG et l’OM
2
FIFA Club World Cup Champions
3
Les entraîneurs de l'OM et du PSG au 21e siècle
4
2022 World Cup Stars
5
Name the Premier League winners with different clubs
6
La finale Lions - Afrique du Sud 2021
7
Criteria MLB: Left Handed Sluggers
8
Les joueurs passés par le LOSC et le RC Lens
9
Players with Multiple 50 Home Run Seasons
10
MLB Players with Two .350 Batting Average Seasons
Explore More
Trending Topics
Crossword
Marvel
Harry Potter
Anime
NBA
Kpop
Disney
NFL
Song
The Office
WWE
Soccer
Country
Pokémon
Puzzle
hide this ad
More By:
riut20
Quiz
Plays
Rating
Category
Featured
Created
Number of Countries by Letter (Copy)
53
4.00
Geography
Sep 28, 2016
Progressively Longer Ultimate Teams
40
Sports
Jan 19, 2017
I, Too by Langston Hughes
10
Literature
Jul 18, 2020
Go to Creator's Profile
Score Distribution
Quiz Creator Spotlight
riut20
Follow
Send a Message
Quizzes Created
-
Created Quiz Play Count
-
More By This Creator
Popular Quizzes Today
1
Find the Countries of Europe - No Outlines Minefield
2
Find the US States - No Outlines Minefield
3
The Countries of the World
4
Popular People in 1961
5
US States
6
1-10 Letter E Words III
7
Find the US States
8
One Thing in Common: World Cities II
More Sports Quizzes
MLB Mascots by US State
Curator's Pick
Trending Quizzes
Risky Map Clicking: Least Populous States A-Z
1-10 Letter F Words
Humor Books: The Subtitles
1-10 Letter G Words
One Thing in Common: United Kingdom
Recently Updated
Leaping Animals
pecheneg
Reality TV Shows (A-Z)
bhenderson79
Rickey Henderson's Hall of Fame Teammates
pecheneg
Champions League XIs: Arsenal
pecheneg
Quick Pick: Celebrities in WWE's Hall of Fame
aduchscher
A-Z Keypad Blitz II
pecheneg
Multiple Oscar Actors
pecheneg
Mystery Phrase Blitz: Oscar 'Best Actors'
pecheneg
F. Scott Fitzgerald Novels
LTH
Pick 3 Villains
ddd62291
Trending Topics
Crossword
Marvel
Disney
NBA
Kpop
Anime
Harry Potter
Soccer
NFL
Puzzle
Pokémon
Country
WWE
The Office
Song
Your Account Isn't Verified!
In order to create a playlist on Sporcle, you need to verify the email address you used during registration. Go to your
Sporcle Settings
to finish the process.
Report this User
Report this user for behavior that violates our
Community Guidelines
.
Details:
Send Report
Go to the Sporcle.com Mobile Site →
Comments